| 000 | 00611cam a22002052 4500 | ||
|---|---|---|---|
| 001 | 0000018410 | ||
| 005 | 20151217161144.0 | ||
| 008 | 091028s xx 000 0 eng d | ||
| 020 | _a0550100725 : | ||
| 040 |
_aKABU _cKABU |
||
| 245 | 1 | 0 | _aChambers concise dictionary. |
| 250 | _a1st ed. | ||
| 260 |
_aEdinburgh : _bChambers Harrap, _c2004. |
||
| 300 | _axiv, 1458 p. | ||
| 650 | 0 |
_aEnglish language _vDictionaries. _@0000148334 |
|
| 650 | 0 |
_aEnglish language _xTerms and phrases. _@0000177646 |
|
| 852 | 1 | _9p1995 KES | |
| 908 | _a091028 | ||
| 950 | _@1 | ||
| 999 |
_c15137 _d15137 |
||